000 00520nam a2200169 4500
001 128046
003 ES-MaACL
005 20230906193140.0
007 t|
008 070214s1978 sp r ||||1| spa d
100 1 _aRipalda, José María.
_997416
245 1 3 _aLa nación dividida
_b: raíces de un pensador burgués : G.W.F. Hegel /
_cJosé María Ripalda.
250 _a1ª. ed.
260 _aMadrid :
_bFondo de Cultura Económica,
_c1978.
300 _a327 p. ;
_c21 cm.
852 _aES-MaACL
_jA-10175
_bR.98760
999 _c128046
_d128046